000 nam a22 7a 4500
999 _c7203
_d7203
008 170728b xxu||||| |||| 00| 0 eng d
100 _93779
_aJones D. Robert
245 _aSingle Parents
260 _aAmerica
_bNew growth press
_c2008